| 000 | 01056nam a2200301 a 4500 | ||
|---|---|---|---|
| 001 | 1296 | ||
| 003 | BR-CuiBMT | ||
| 005 | 20231212203255.0 | ||
| 008 | 231109s2012 spb 001 0 por d | ||
| 020 | _a9788520341278 | ||
| 040 |
_aBR-CuiBMT _cBR-CuiBMT |
||
| 080 |
_22007 _a342.9 |
||
| 090 |
_a342.9 _bC694 _c12. ed. |
||
| 245 | 0 | 0 |
_aColetânea de legislação administrativa : _hbraille _bConstituição Federal / _corganização Odete Medauar. |
| 250 | _a12. ed., rev., ampl. e atual. | ||
| 260 |
_aSão Paulo : _bSaraiva, _cc2012. |
||
| 300 |
_a1453 p. ; _c17 cm |
||
| 490 | 1 | _aColeção RT minicódigos | |
| 500 | _aEdição revista, ampliada e atualizada até 14.12.2011. | ||
| 500 | _aInclui índice. | ||
| 650 |
_aDireito administrativo _vLegislação _zBrasil |
||
| 650 |
_aAdministração pública _vLegislação _zBrasil |
||
| 650 |
_aAgência reguladora _vLegislação _zBrasil |
||
| 650 |
_aProbidade administrativa _vLegislação _zBrasil |
||
| 700 | 1 |
_aMedauar, Odete _4org. |
|
| 830 | 0 | _aColeção RT minicódigos | |
| 942 |
_2udc _cLV |
||
| 999 |
_c1296 _d1296 |
||